000 00417nam a2200181Ia 4500
008 230524s9999 xx 000 0 und d
020 _a8188429465
082 _a4
_bRAM
100 _aS.Ramaswamy
245 0 _aProgramming in C
250 _a1ST
260 _aNEW DELHI
_bScitech
_c2004
300 _aXVII;286
500 _aQuantity Number: 2
650 _aComp-Sc
700 _a P.Radha Ganesan
942 _cBK
999 _c22416
_d22416